000 01457cam a2200421Mi 4500
999 _c4866
_d4866
001 ocn920668021
003 OCoLC
005 20180628125613.0
008 150831t20152003fr bv 001 0 fre d
020 _a9782130618775
020 _a2130618774
029 1 _aNLGGC
_b397183046
035 _a(OCoLC)920668021
_z(OCoLC)967341204
040 _aEMI
_beng
_erda
_cEMI
_dOCLCO
_dNLGGC
043 _ae------
049 _aTZAA
050 4 _aKJC5132
_b.A54 2015
082 0 4 _a340
245 0 4 _aGrands arrêts de la Cour européenne des droits de l'homme /
_cFrédéric Sudre, dir., [and 8 others].
250 _a7e édition mise à jour.
260 _aParis :
_bPresses universitaires de France
_c2015
300 _axiv, 944 pages ;
_c22 cm.
490 1 _aThémis. Droit
_x0768-0910
504 _aIncludes bibliographical references (pages 887-901) and indexes.
505 0 _aLes principes directeurs -- Les droits garantis -- La garantie des droits.
610 2 0 _aEuropean Court of Human Rights.
610 2 7 _aEuropean Court of Human Rights
_2fast
650 0 _aCivil rights
_zEurope
_vCases.
_91778
650 0 _aHuman rights
_zEurope
_vCases.
650 7 _aCivil rights.
_2fast
650 7 _aHuman rights.
_2fast
651 7 _aEurope.
_2fast
655 7 _aTrials, litigation, etc.
_2fast
700 1 _aSudre, Frédéric,
_eeditor,
_eauthor.
710 2 _aEuropean Court of Human Rights.
830 0 _aThémis.
_pDroit.
942 _2lcc
_cBOOK